000 00641cam a2200193 a 4500
001 000006198
005 20200929151954.0
008 740911s1973 ec 000 p spa
040 _aDO-SdBNP
_bspa
_cBNPHU
082 _aE861.44
_bJ371c
100 1 _aJaramillo, Carlos Eduardo.
_917353
245 1 0 _aCrónicas de la casa, los árboles y el río /
_cCarlos Eduardo Jaramillo.
260 _aQuito :
_bCasa de la Cultura Ecuatoriana,
_c1973.
300 _a96 p. ;
_c18cm.
490 1 _aPoetas del Ecuador
_vno. 1
650 4 _aPoesía ecuatoriana
_913387
650 4 _aLiteratura ecuatoriana
_93938
830 0 _aPoetas del Ecuador ;
_vno. 1
_917354
999 _c5993
_d5993